000 00340nam a2200145Ia 4500
008 210210b1940 xxu||||| |||| 00| 0 eng d
041 _aeng
082 _a519/63
100 _aHARDY (G H)
245 _aRamanujan
260 _aCambridge
_bAt the University Press
_c1940
650 _aRamanujan
690 _aMathematics
906 _a007924
999 _c140782
_d140782